Catálogo
 En Linea

El asalto a la verdad : (Registro nro. 41948)

Detalles MARC
000 -CABECERA
campo de control de longitud fija 00797nam a2200205 a 4500
001 - NÚMERO DE CONTROL
campo de control 000042459
005 - FECHA Y HORA DE LA ÚLTIMA TRANSACCIÓN
campo de control 20201002040154.0
008 - DATOS DE LONGITUD FIJA--INFORMACIÓN GENERAL
campo de control de longitud fija 131203s1985 sp 000 0 spa d
020 ## - NÚMERO INTERNACIONAL ESTÁNDAR DEL LIBRO
Número Internacional Estándar del Libro 8432245526
040 ## - FUENTE DE LA CATALOGACIÓN
Centro catalogador/agencia de origen DO-SdBNP
Lengua de catalogación spa
Centro/agencia transcriptor BNPHU
041 17 - CÓDIGO DE LENGUA
Código de lengua del texto/banda sonora o título independiente spa
Código de lengua original eng
082 ## - NÚMERO DE LA CLASIFICACIÓN DECIMAL DEWEY
Número de clasificación xxx
Número de documento/Ítem M419a
100 1# - ENTRADA PRINCIPAL--NOMBRE DE PERSONA
Nombre de persona Masson, J. Moussaieff
Fechas asociadas al nombre 1941-
9 (RLIN) 69625
240 10 - TÍTULO UNIFORME
Título uniforme The assault on truth (Freud's suppression of the seduction theory)
Lenguaje de la obra Español
245 13 - MENCIÓN DE TÍTULO
Título El asalto a la verdad :
Resto del título la renuncia de Freud a la teoría de la seducción /
Mención de responsabilidad, etc. Jeffrey Moussaieff Masson ; traducción del inglés por Jaime Zulaika.
260 ## - PUBLICACIÓN, DISTRIBUCIÓN, ETC.
Lugar de publicación, distribución, etc. Barcelona :
Nombre del editor, distribuidor, etc. Seix Barral,
Fecha de publicación, distribución, etc. 1985.
300 ## - DESCRIPCIÓN FÍSICA
Extensión 291, [4] p. ;
Dimensiones 20 cm.
500 ## - NOTA GENERAL
Nota general Incluye datos biográficos del autor en la solapa de la cubierta
700 12 - PUNTO DE ACCESO ADICIONAL--NOMBRE DE PERSONA
Nombre de persona Zulaika, Jaime
Término indicativo de función/relación tr.
9 (RLIN) 69626
Existencias
Estado de retiro Estado de pérdida Restricciones de uso No para préstamo Código de colección Localización permanente Ubicación/localización actual Ubicación en estantería Fecha de adquisición Número de inventario Total de préstamos Signatura topográfica completa Código de barras Fecha visto por última vez Precio válido a partir de Tipo de ítem Koha
      Excluido de préstamo Monografías: Libros y Folletos General General En catalogación 03.12.2013 LF1   xxx M419a 42459-10 25.06.2020 25.06.2020 No se presta

Con tecnología Koha